000 00980cam a2200313 4500
008 090401t1995 xxu||||| |||| 00| 0 eng d
020 _a0854067361
035 _a(Sirsi) u63793
041 _aeng
050 _a690.2023
090 _aRICS 1995/123ABCD
110 _aRoyal Institution of Chartered Surveyors
_94900
245 _aCentury XXI : an assessment of future markets for chartered building surveyors.
260 _aLondon
_bRICS
_c1995
300 _aviii,28p. ; 30cm.
350 _a0
520 _aProduced by the Building Surveyors Division.
650 _aBUILT ENVIRONMENT-BUILDING INSPECTION
650 _aCENTURY XXI
650 _aCAREERS, EDUCATION AND TRAINING
650 _aEUROPE
650 _aMANAGEMENT-BUSINESS MANAGEMENT-INFORMATION MANAGEMENT
650 _aPROFESSIONAL PRACTICE
650 _aRECRUITMENT
690 _aBUILT ENVIRONMENT-BUILDING INSPECTION
700 _aTuffin, David
_xChairman
942 _n0
948 _c04/03/1997
999 _c94606
_d94606